Govt. of
Madhya Pradesh

The Citizenship Amendment Act,2019 (Record no. 68116)

MARC details
000 -LEADER
fixed length control field 00296nam a22001097a 4500
082 ## - DEWEY DECIMAL CLASSIFICATION NUMBER
Classification number 342/MUK
100 ## - MAIN ENTRY--AUTHOR NAME
Personal name Mukherji,Saradindu
245 ## - TITLE STATEMENT
Title The Citizenship Amendment Act,2019
Sub Title Some Reflections
260 ## - PUBLICATION, DISTRIBUTION, ETC. (IMPRINT)
Place of publication Delhi
Name of publisher akshaya Prakashan
Year of publication 2021
650 ## - SUBJECT ADDED ENTRY--TOPICAL TERM
Topical Term Citizenship act
942 ## - ADDED ENTRY ELEMENTS (KOHA)
Koha item type Books
Holdings
Withdrawn status Lost status Damaged status Not for loan Home library Current library Date acquired Cost, normal purchase price Full call number Accession Number Price effective from Koha item type
        MACL MACL 14/09/2025 295.00 342/MUK CRE040295 14/09/2025 Books